Vymeriavací základ zamestnanca pre zdravotné poistenie

Zdravotné poistenie upravuje zákon č. 580/2004 Z.z. o zdravotnom poistení v znení neskorších predpisov, ktorý upravuje podmienky poskytovania zdravotnej starostlivosti a služieb a zároveň definuje zdravotné poistenie ako verejné zdravotné poistenie a individuálne zdravotné poistenie. Verejné zdravot...

Ausführliche Beschreibung

Gespeichert in:
Bibliographische Detailangaben
1. Verfasser: Kaveschánová, Silvia
Format: Buchkapitel
Sprache:Slowakisch
Schlagworte:
Tags: Tag hinzufügen
Keine Tags, Fügen Sie das erste Tag hinzu!

MARC

LEADER 00000naa$a2200000$$$4500
001 0058981
005 20240502071646.6
041 0 |a slo 
044 |a SK 
245 1 0 |a Vymeriavací základ zamestnanca pre zdravotné poistenie  |c Silvia Kaveschánová 
520 |a Zdravotné poistenie upravuje zákon č. 580/2004 Z.z. o zdravotnom poistení v znení neskorších predpisov, ktorý upravuje podmienky poskytovania zdravotnej starostlivosti a služieb a zároveň definuje zdravotné poistenie ako verejné zdravotné poistenie a individuálne zdravotné poistenie. Verejné zdravotné poistenie - povinné a dobrovoľné. Vymeriavací základ zamestnancov, príjmy, ktoré nie sú súčasťou vymeriavacieho základu zamestnanca. 
610 2 0 |a poistenie zdravotné 
610 2 0 |a zamestnanci 
610 2 0 |a základ vymeriavací 
100 1 |a Kaveschánová, Silvia